| 000 | 00434nam a2200169 a 4500 | ||
|---|---|---|---|
| 001 | 30736 | ||
| 005 | 20180713234016.0 | ||
| 008 | 140415d 000 0 spa d | ||
| 020 | _a139789562782067 | ||
| 041 | _aspa | ||
| 082 | _a658 | ||
| 100 | 1 | _aSAPAG, CHAIN NASSIR | |
| 245 | 1 | 0 | _aPREPARACION Y EVALUACION DE PROYECTOS |
| 250 | _a5ª EDICIÓN | ||
| 260 |
_a[s.l.] : _bMC GRAW HILL, _c[s.f.] |
||
| 520 | _aRP | ||
| 999 |
_c30736 _d30736 |
||